000 00375 a2200157 4500
001 59089
020 _a8535700897
040 _cAnchieta - Pituba
100 _aSilva, Vitória Rodrigues e
240 1 0 _aCultura e sociedade no Brasil colônia
_lpor
245 1 0 _aCultura e sociedade no Brasil colônia
300 _a96
362 0 _a2000
650 4 _aBrasil
942 _cBK
999 _c59089
_d59089